Flugzeuge aus dem 2ten Weltkrieg - Statistiken

Allgemein
  • Dieses Quiz wurde 166 mal gespielt
  • Das Durchschnittsergebnis liegt bei 5 aus 16
Antwortstatistiken
Bildquiz Antwort % Korrekt
Spitfire
90%
Bf-109
78%
Me-262
62%
F4U Corsair
55%
B-25
44%
Fw-190
44%
Yak-9
25%
F4F
24%
Wellington
21%
P-39
18%
Meteor
17%
F7F
15%
Tempest
14%
Ar-234
13%
La-11
8%
Halifax
5%
Keine übereinstimmenden Quizze gefunden
Verteilung der Resultate
Anzahl Personen mit jedem Resultat
Perzentil nach korrekt beantworteten Fragen
Ihre Resultats-Entwicklung
Sie haben dieses Quiz noch nicht gespielt